00521nam a2200193 a 4500001001300000003000900013005001700022008004100039020000900080082001700089100002000106245005500126260003000181300000900211500003500220505002500255650002700280700002000307nice12345678IN_TiNIC20260116011327.0050524s1967 leia grp 000 0 eng  ac5800a232.904bBEL aBellinzoni, A J aSayings of Jesus in the Writings of Justin Martyr. aLeidenbE. J. Brillc1967 a152p aincludes index and biblioraphy2 aBibliography, Index. aJesus Christ-Teachings1 aBellinzoni, A J